Разговори през годините с малки и големи (Запис номер 528965)
[ съкратено ]
| 000 -Лидер | |
|---|---|
| Лидер | 01317nam a2200301 a 4500 |
| 003 - Код на организацията, давaща контролен номер | |
| Код на организацията, даваща контролен номер | BLK |
| 005 - Дата и час на последна редакция | |
| Дата и час на последна редакция | 20250430130327.0 |
| 008 - Елементи от данни с фиксирана дължина | |
| Елементи с фиксирана дължина | 250314b bul|||||r ||||||| ||bul|| |
| 020 ## - Международен стандартен номер на книга ISBN | |
| ISBN | 9786190500025 |
| 040 ## - Източник на каталожния запис | |
| Код на библиотеката | BLK |
| 041 ## - Код за език | |
| Език | Български |
| Език за КДБФ | Български |
| 080 ## - УДК | |
| УДК текст | Педагогическа психология |
| УДК код | 37.015.3 |
| УДК – код + определител | 37.015.3 |
| 9 (RLIN) | 236270 |
| 080 ## - УДК | |
| УДК текст | Занимания в предучилищна възраст |
| УДК код | 373.2 |
| УДК – определител | .015.3 |
| УДК – код + определител | 373.2.015.3 |
| 9 (RLIN) | 231274 |
| 100 1# - Редна дума - Автор | |
| Автор | Иванчева, Александра |
| R(LIN) | 268077 |
| 245 10 - Сведения за заглавието | |
| Заглавие | Разговори през годините с малки и големи |
| Подзаглавни данни | педагогическа приказка с неизмислени герои от 6- до 30-годишни |
| Авторска отговорност | Александра Иванчева. |
| 257 ## - Страна на издаване | |
| Страна на създаване/издаване | България |
| 260 ## - Област на издателските данни | |
| Място на издаване | София |
| Име на издателя | ПАН |
| Година на издаване | 2024 |
| 9 (RLIN) | 209558 |
| Печатница | София : Инвестпрес |
| 300 ## - Физическа характеристика | |
| Брой страници | 200 с. |
| Размер | 21 см |
| 380 ## - Жанр | |
| Жанр | Обществени науки |
| 650 #0 - Допълнително описание по предмет – тема | |
| 9 (RLIN) | 244538 |
| Предметна рубрика | Детска и педагогическа психология |
| 653 ## - Ключова дума – ненормативна | |
| 9 (RLIN) | 191129 |
| Ключови думи | мислене |
| 852 ## - Местоположение | |
| Отдел | Заемна - подръчен фонд |
| Сигнатура (форматна) | 37.015/И 25 А |
| 856 4# - Електронен адрес и достъп | |
| Електронен формат | pdf - файл |
| Път до файла (ресурса) | |
| 856 4# - Електронен адрес и достъп | |
| Електронен формат | pdf - файл |
| Път до файла (ресурса) | |
| 942 ## - АРТИКУЛИ | |
| Вид на библиотечния документ | Книги |
| Скрит в OPAC | Не |
| Koha issues (borrowed), all copies | 4 |
| 944 ## - СЪЗДАВАНЕ И РЕДАКЦИЯ на ЗАПИСА | |
| Дата на регистрацията/редакция | Геновева Генчева |
| Служител, извършил регистрацията/редакцията | 30530 |
| Номер на служител | Минев Младен |
| 999 ## - СИСТЕМНИ КОНТРОЛНИ НОМЕРА | |
| Koha biblionumber | 528965 |
| Koha biblioitemnumber | 528965 |
| Код за отписване | Код за изгубен артикул | Източник на класификационната схема | Код за повреда | Код за отдаване | Артикулен № | Име на библиотеката - собственик | Име на библиотеката, в която се намира в момента | Статус (Текущо местоположение) | Дата на вписване в системата | Местоположение - отдел | Цена в лева | Инвентарен номер | Систематично азбучна сигнатура | Баркод | Цена в евро | Служебен тип на артикула |
|---|---|---|---|---|---|---|---|---|---|---|---|---|---|---|---|---|
| Не е изгубен | Universal Decimal Classification | Не е повреден | заемане за дома | 963960 | Регионална библиотека "Любен Каравелов" Русе | Регионална библиотека "Любен Каравелов" Русе | Заемна - подръчен фонд | 2025-03-18 | Заемна - подръчен фонд | 13.53 | 120000918915 | 37.015/И 25 А | 120000918915 | 6.92 | Книги | |
| Не е изгубен | Universal Decimal Classification | Не е повреден | заемане за дома | 963961 | Регионална библиотека "Любен Каравелов" Русе | Регионална библиотека "Любен Каравелов" Русе | Заемна - подръчен фонд | 2025-03-18 | Заемна - подръчен фонд | 13.53 | 120000918914 | 37.015/И 25 А | 120000918914 | 6.92 | Книги |